[Event "Senta op-A 15th"]
[Site "Senta"]
[Date "2011.07.21"]
[Round "7"]
[White "Kokai, Peter"]
[Black "Penjov, Damjan"]
[Result "1-0"]
[WhiteElo "2088"]
[BlackElo "2066"]
[PlyCount "49"]
[EventDate "2011.07.16"]
[EventType "swiss"]
[EventRounds "9"]
[EventCountry "SRB"]
[SourceTitle "CBM 143 Extra"]
[Source "ChessBase"]
[SourceDate "2011.08.29"]
[SourceVersion "1"]
[SourceVersionDate "2011.08.29"]
[SourceQuality "1"]

1. e4 e5 2. Nf3 Nc6 3. d4 exd4 4. Nxd4 Qh4 5. Nb5 Bc5 6. Qf3 Bb6 7. Be3 Ba5+ 8. c3 a6 9. Nd4 Nge7 10. g3 Qf6 11. Qxf6 gxf6 12. Nd2 Bb6 13. Bg2 d6 14. 0-0-0 Nxd4 15. Bxd4 Bxd4 16. cxd4 f5 17. Rhe1 0-0 18. exf5 Nxf5 19. Nc4 Rb8 20. Ne3 Nxe3 21. Rxe3 c6 22. d5 cxd5 23. Rxd5 Be6 24. Rxd6 Rbc8+ 25. Rc3 1-0

[Event "Senta op-A 15th"]
[Site "Senta"]
[Date "2011.07.19"]
[Round "5"]
[White "Kokai, Peter"]
[Black "Tancik, Kristijan"]
[Result "1/2-1/2"]
[WhiteElo "2088"]
[BlackElo "2273"]
[PlyCount "95"]
[EventDate "2011.07.16"]
[EventType "swiss"]
[EventRounds "9"]
[EventCountry "SRB"]
[SourceTitle "CBM 143 Extra"]
[Source "ChessBase"]
[SourceDate "2011.08.29"]
[SourceVersion "1"]
[SourceVersionDate "2011.08.29"]
[SourceQuality "1"]

1. Nf3 Nf6 2. c4 e6 3. Nc3 d5 4. e3 c5 5. d4 Nc6 6. Be2 dxc4 7. Bxc4 cxd4 8. exd4 Be7 9. 0-0 0-0 10. Bf4 Nb4 11. Rc1 b6 12. Ne5 Bb7 13. Bg3 Rc8 14. a3 Nbd5 15. Nxd5 Bxd5 16. Ba6 Rxc1 17. Qxc1 Qa8 18. f3 Bb7 19. Bxb7 Qxb7 20. Nc6 Nd5 21. Nxe7+ Nxe7 22. Qc7 Qxc7 23. Bxc7 Rc8 24. Bf4 Nd5 25. Rc1 Rxc1+ 26. Bxc1 Kf8 27. Kf2 Ke7 28. Ke2 Kd6 29. Kd3 b5 30. Bd2 Nb6 31. b3 Kd5 32. Bb4 Nd7 33. Bd2 Nb8 34. Bf4 Nc6 35. Be3 a6 36. Bf2 g5 37. Be3 f6 38. Kc3 h5 39. Kd3 Ne7 40. Bf2 Nf5 41. Kc3 a5 42. Kd3 b4 43. axb4 axb4 44. g4 hxg4 45. fxg4 Ne7 46. h4 Ng8 47. hxg5 fxg5 48. Be1 1/2-1/2

[Event "Senta January op"]
[Site "Senta"]
[Date "2011.02.13"]
[Round "9"]
[White "Korponai, Akos"]
[Black "Kokai, Peter"]
[Result "1/2-1/2"]
[WhiteElo "1526"]
[BlackElo "2122"]
[PlyCount "43"]
[EventDate "2011.01.21"]
[EventType "swiss"]
[EventRounds "9"]
[EventCountry "SRB"]
[SourceTitle "CBM 140 Extra"]
[Source "ChessBase"]
[SourceDate "2011.03.01"]
[SourceVersion "1"]
[SourceVersionDate "2011.03.01"]
[SourceQuality "1"]

1. e4 g6 2. d4 Bg7 3. c3 d6 4. Bd3 Nf6 5. f4 e5 6. Nf3 Bg4 7. h3 Bxf3 8. Qxf3 Nfd7 9. Be3 Nc6 10. fxe5 dxe5 11. d5 Ne7 12. 0-0 0-0 13. c4 f5 14. Nc3 fxe4 15. Qxe4 Nf5 16. Bf2 Qe7 17. Qg4 Nd4 18. Rae1 Nc5 19. Bb1 Nf5 20. Ne4 Nxe4 21. Bxe4 a5 22. Re2 1/2-1/2

[Event "Senta op-A 13th"]
[Site "Senta"]
[Date "2009.07.24"]
[Round "8"]
[White "Petrekanovic, Miroslav"]
[Black "Kokai, Peter"]
[Result "1-0"]
[WhiteElo "2152"]
[BlackElo "2149"]
[PlyCount "81"]
[EventDate "2009.07.18"]
[EventType "swiss"]
[EventRounds "9"]
[EventCountry "YUG"]
[SourceTitle "CBM 131 Extra"]
[Source "ChessBase"]
[SourceDate "2009.09.03"]
[SourceVersion "2"]
[SourceVersionDate "2009.09.16"]
[SourceQuality "1"]

1. d4 Nf6 2. Nf3 g6 3. c4 Bg7 4. Nc3 0-0 5. e4 d6 6. Be2 e5 7. 0-0 Nc6 8. d5 Ne7 9. b4 Nh5 10. Re1 f5 11. Ng5 Nf4 12. Bxf4 exf4 13. Rc1 a5 14. b5 b6 15. Bf3 Be5 16. Qb3 Rb8 17. Rcd1 Nxd5 18. Nxd5 Qxg5 19. Nxc7 Kh8 20. Na6 Rb7 21. exf5 Rg7 22. c5 Rxf5 23. cxd6 Bd7 24. Nb8 Qf6 25. Nxd7 Rxd7 26. Bg4 Rxd6 27. Bxf5 Qxf5 28. Rxd6 Bxd6 29. Qe6 Qxe6 30. Rxe6 Bc5 31. Rf6 g5 32. h4 g4 33. Rxf4 g3 34. Kf1 gxf2 35. Rxf2 Bxf2 36. Kxf2 Kg7 37. Kf3 a4 38. Ke4 Kf6 39. g4 h6 40. Kd5 a3 41. Kd6 1-0

[Event "Senta op-A 13th"]
[Site "Senta"]
[Date "2009.07.21"]
[Round "5"]
[White "Kokai, Peter"]
[Black "Janjusevic, Branislav"]
[Result "1-0"]
[WhiteElo "2149"]
[BlackElo "2012"]
[PlyCount "97"]
[EventDate "2009.07.18"]
[EventType "swiss"]
[EventRounds "9"]
[EventCountry "YUG"]
[SourceTitle "CBM 131 Extra"]
[Source "ChessBase"]
[SourceDate "2009.09.03"]
[SourceVersion "2"]
[SourceVersionDate "2009.09.16"]
[SourceQuality "1"]

1. e4 d5 2. exd5 Nf6 3. Nc3 Nxd5 4. Bc4 e6 5. Nf3 c6 6. 0-0 Bd6 7. d4 0-0 8. Re1 Nxc3 9. bxc3 b5 10. Bd3 h6 11. Qe2 Qc7 12. Ne5 Nd7 13. f4 Nf6 14. Qf3 Nd5 15. Bd2 f5 16. c4 bxc4 17. Bxc4 Bxe5 18. Rxe5 Qb6 19. Qf2 Bd7 20. Rae1 Rae8 21. Bb3 Kh7 22. h3 g6 23. c4 Nf6 24. Ba5 Qb7 25. Qd2 Ne4 26. Qb4 Qa8 27. Qa3 h5 28. Bb4 Rh8 29. Ra5 Kh6 30. Rxa7 Qc8 31. Bd6 Rh7 32. Be5 Qd8 33. Bc2 Nf6 34. Rb1 Bc8 35. Rb8 Nd7 36. Rxd7 Qxd7 37. Qg3 Rf7 38. Rb3 Qa7 39. Ra3 Qb7 40. Rb3 Qa7 41. a3 Bd7 42. Qg5+ Kh7 43. g4 Qa5 44. Rg3 Qd8 45. gxf5 Rg7 46. fxg6+ Kg8 47. Qxh5 Qe7 48. Qh7+ Kf8 49. Qh8+ 1-0